Preliminery examination : (Record no. 5048)

MARC details
000 -LEADER
fixed length control field 00465nam a2200157 4500
001 - CONTROL NUMBER
control field 5974
005 - DATE AND TIME OF LATEST TRANSACTION
control field 20181127180646.0
090 00 - LOCALLY ASSIGNED LC-TYPE CALL NUMBER (OCLC); LOCAL CALL NUMBER (RLIN)
Classification number (OCLC) (R) ; Classification number, CALL (RLIN) (NR) 954.98 L68p 2016
100 00 - MAIN ENTRY--PERSONAL NAME
Personal name Lhendup, Karma.
245 00 - TITLE STATEMENT
Title Preliminery examination :
Remainder of title BCSE (RCSE) : for university graduates /
Statement of responsibility, etc. Karma Lhendup.
Medium
260 00 - PUBLICATION, DISTRIBUTION, ETC.
Place of publication, distribution, etc. Thimphu :
Name of publisher, distributor, etc. Pekhang enterprise,
Date of publication, distribution, etc. 2016.
300 00 - PHYSICAL DESCRIPTION
Extent 160 p. ; 25 cm.
500 ## - GENERAL NOTE
General note BCSE 2016.
650 ## - SUBJECT ADDED ENTRY--TOPICAL TERM
Topical term or geographic name entry element BCSE examination.
Form subdivision
General subdivision
Chronological subdivision
Geographic subdivision
Source of heading or term
Topical term or geographic name entry element Examinations -- Bhutan.
General subdivision
Holdings
Withdrawn status Lost status Source of classification or shelving scheme Damaged status Not for loan Collection code Home library Current library Shelving location Date acquired Serial Enumeration / chronology Inventory number Total Checkouts Total Renewals Full call number Barcode Date last seen Date last checked out Copy number Price effective from Koha item type
    Dewey Decimal Classification     Main TEST RTC Library RTC Library Main opac 03/05/2021 9477 8 10 954.98 LHE 30008398 27/05/2023 25/03/2023 2 27/11/2018 Main
  Missing Dewey Decimal Classification     Main TEST RTC Library RTC Library Main opac 21/07/2021 9476     954.987 L68p 2016 30008488 27/11/2018   1 27/11/2018 Main
Royal Thimphu College || All Right Reserved